000
00301nam a22001337a 4500
008
170425b xxu||||| |||| 00| 0 eng d
020
_a
9780077221348
041
_a
eng
080
_2
6 ED
_a
54
100
_a
12
101
_a
SHM
245
_a
CHEMISTRY IN CONTEXT
_c
MIDDLECSMP.C.H
942
_2
udc
_c
BK
999
_c
11980
_d
11980